[Event "Landesliga Sued 0304"]
[Site "Bayern"]
[Date "2004.03.28"]
[Round "8.6"]
[White "Grimberg, Mikhail"]
[Black "Martin, Johann"]
[Result "1/2-1/2"]
[WhiteElo "1907"]
[BlackElo "1832"]
[PlyCount "33"]
[EventDate "2003.10.12"]
[EventType "team-tourn"]
[EventRounds "9"]
[EventCountry "GER"]
[SourceTitle "EXT 2006"]
[Source "ChessBase"]
[SourceDate "2005.11.24"]
[SourceVersion "1"]
[SourceVersionDate "2005.11.24"]
[SourceQuality "1"]
[WhiteTeam "Haunstetten"]
[BlackTeam "Waldkirch"]
[WhiteTeamCountry "GER"]
[BlackTeamCountry "GER"]

1. d4 d5 2. c4 c6 3. Nc3 Nf6 4. Nf3 e6 5. Bg5 Nbd7 6. e3 Be7 7. Qc2 0-0 8. cxd5 exd5 9. Bd3 Re8 10. 0-0 Nf8 11. Rab1 a5 12. Na4 Ne4 13. Bxe7 Qxe7 14. Nb6 Rb8 15. Nxc8 Rbxc8 16. Bxe4 dxe4 17. Ne5 1/2-1/2

[Event "Landesliga Sued 0304"]
[Site "Bayern"]
[Date "2003.12.14"]
[Round "4.8"]
[White "Grimberg, Mikhail"]
[Black "Helbig, Uwe"]
[Result "0-1"]
[WhiteElo "1907"]
[BlackElo "2182"]
[PlyCount "100"]
[EventDate "2003.10.12"]
[EventType "team-tourn"]
[EventRounds "9"]
[EventCountry "GER"]
[SourceTitle "EXT 2006"]
[Source "ChessBase"]
[SourceDate "2005.11.24"]
[SourceVersion "1"]
[SourceVersionDate "2005.11.24"]
[SourceQuality "1"]
[WhiteTeam "Haunstetten"]
[BlackTeam "Muenchen 36"]
[WhiteTeamCountry "GER"]
[BlackTeamCountry "GER"]

1. d4 d6 2. c4 e5 3. dxe5 dxe5 4. Qxd8+ Kxd8 5. Nf3 f6 6. g3 Be6 7. Bg2 c6 8. b3 Nd7 9. 0-0 Kc7 10. Ba3 Bxa3 11. Nxa3 Ne7 12. Rac1 a5 13. Rfd1 Nc5 14. Rd2 Rhd8 15. Rcd1 Rxd2 16. Rxd2 Na6 17. Ne1 a4 18. Nd3 axb3 19. axb3 Nb4 20. Nc5 Bf5 21. e4 Bc8 22. Na4 b6 23. h4 Be6 24. Bf1 Nc8 25. f3 Ra5 26. Kf2 Nd6 27. Ke3 Nb7 28. Nc2 Nxc2+ 29. Rxc2 Ra8 30. Rc3 Na5 31. Nb2 Nb7 32. Na4 g6 33. Bd3 Rg8 34. c5 Nxc5 35. Nxc5 bxc5 36. Bc4 Bxc4 37. bxc4 Ra8 38. f4 exf4+ 39. Kxf4 Ra1 40. e5 Rf1+ 41. Kg4 h5+ 42. Kh3 fxe5 43. Kg2 Rf6 44. Ra3 Kd6 45. Rd3+ Ke6 46. Rd8 Kf5 47. Kf3 e4+ 48. Kg2 Ke5 49. Rd7 e3 50. Re7+ Kd4 0-1

[Event "Landesliga Sued 0304"]
[Site "Bayern"]
[Date "2003.11.23"]
[Round "3.8"]
[White "Holl, Andreas"]
[Black "Grimberg, Mikhail"]
[Result "1/2-1/2"]
[WhiteElo "2088"]
[BlackElo "1907"]
[PlyCount "138"]
[EventDate "2003.10.12"]
[EventType "team-tourn"]
[EventRounds "9"]
[EventCountry "GER"]
[SourceTitle "EXT 2006"]
[Source "ChessBase"]
[SourceDate "2005.11.24"]
[SourceVersion "1"]
[SourceVersionDate "2005.11.24"]
[SourceQuality "1"]
[WhiteTeam "Ingolstadt"]
[BlackTeam "Haunstetten"]
[WhiteTeamCountry "GER"]
[BlackTeamCountry "GER"]

1. d4 Nf6 2. c4 g6 3. Nc3 Bg7 4. e4 d6 5. g3 0-0 6. Bg2 e5 7. Nf3 Nbd7 8. 0-0 exd4 9. Nxd4 Nc5 10. Re1 Re8 11. f3 Ne6 12. Be3 Nxd4 13. Bxd4 Bd7 14. Qd2 Qc8 15. Nd5 Nxd5 16. cxd5 a5 17. Rac1 Bxd4+ 18. Qxd4 c5 19. dxc6 Bxc6 20. Qxd6 Rd8 21. Qf4 Qe6 22. Bf1 Rd4 23. b3 Rad8 24. Bc4 Qe7 25. h4 Kg7 26. Qg5 Qxg5 27. hxg5 Rd2 28. a4 Kf8 29. Re2 Ke7 30. Kf2 Rd1 31. Rxd1 Rxd1 32. Ke3 Rh1 33. Rd2 h6 34. gxh6 Rxh6 35. f4 Rh3 36. Rg2 f5 37. Bd5 Bxd5 38. exd5 Rh1 39. Kd3 Kd6 40. Re2 Kxd5 41. Re5+ Kc6 42. Rxa5 Rg1 43. Kd4 Rxg3 44. b4 Rb3 45. Rc5+ Kd6 46. Rb5 Kc6 47. Rc5+ Kd6 48. Kc4 Rf3 49. Rd5+ Kc6 50. b5+ Kc7 51. Rd4 b6 52. Kd5 Re3 53. Rc4+ Kb7 54. Kd6 Re4 55. Rc7+ Kb8 56. Rg7 Rxf4 57. Kc6 Rxa4 58. Rxg6 Rc4+ 59. Kxb6 Kc8 60. Rf6 f4 61. Rf7 Re4 62. Kc6 Rc4+ 63. Kd6 f3 64. Rxf3 Kb7 65. Kd5 Rc1 66. Rf6 Rc2 67. Rc6 Rxc6 68. bxc6+ Kc7 69. Kc5 Kc8 1/2-1/2